| 000 | 00963cam a22002654a 4500 | ||
|---|---|---|---|
| 001 | 11785989 | ||
| 003 | GBCCL | ||
| 005 | 20241126110415.0 | ||
| 008 | 990908s1999 caua b 001 0 eng | ||
| 010 | _a 99046764 | ||
| 020 | _a087808777X (alk. paper) | ||
| 040 |
_aDLC _cDLC _dDLC |
||
| 042 | _apcc | ||
| 050 | 0 | 0 |
_aBV637 _b.D46 1999 |
| 082 | 0 | 0 |
_a253.091732 _221 _bDEN |
| 100 | 1 |
_aDennison, Jack, _d1951- _94179 |
|
| 245 | 1 | 0 |
_aCity reaching : _bon the road to community transformation / _cJack Dennison. |
| 260 |
_aPasadena, Calif. : _bW. Carey Library, _cc1999. |
||
| 300 |
_axvii, 277 p. : _bill. ; _c22 cm. |
||
| 504 | _aIncludes bibliographical references (p. 275-277) and index. | ||
| 650 | 0 |
_aCity churches. _92402 |
|
| 906 |
_a7 _bcbc _corignew _d1 _eocip _f19 _gy-gencatlg |
||
| 942 |
_2ddc _cBK _010 |
||
| 999 |
_c2032 _d2032 |
||